跳跳虫哭了/ (Record no. 10097)
[ view plain ]
| 000 -LEADER | |
|---|---|
| fixed length control field | 00810nam a22001817a 4500 |
| 001 - CONTROL NUMBER | |
| control field | 10097 |
| 003 - CONTROL NUMBER IDENTIFIER | |
| control field | FISKH |
| 005 - DATE AND TIME OF LATEST TRANSACTION | |
| control field | 20260408101807.0 |
| 008 - FIXED-LENGTH DATA ELEMENTS--GENERAL INFORMATION | |
| fixed length control field | 260408b cb ||||| |||| 00| 0 eng d |
| 040 ## - CATALOGING SOURCE | |
| Original cataloging agency | FISKH |
| Language of cataloging | chi |
| Transcribing agency | FISKH |
| Modifying agency | FISKH |
| 100 ## - MAIN ENTRY--PERSONAL NAME | |
| Personal name | 高晴 |
| 245 ## - TITLE STATEMENT | |
| Title | 跳跳虫哭了/ |
| Statement of responsibility, etc. | By 高晴 |
| 300 ## - PHYSICAL DESCRIPTION | |
| Extent | 20 pages : |
| Other physical details | color illustrations ; |
| Dimensions | 21 cm . |
| 520 ## - SUMMARY, ETC. | |
| Summary, etc. | 《跳跳虫哭了》是一本儿童图画书,讲述了一只活泼的小跳跳虫和它的情感经历。通过简单的语言和有趣的插图,故事描述了跳跳虫的情绪旅程——它为什么会难过,它如何尝试解决问题,以及在这个过程中学到了什么。该书专为幼儿设计,让他们在阅读的同时学习理解和表达情绪。 |
| 700 ## - ADDED ENTRY--PERSONAL NAME | |
| Personal name | 郝莉 |
| 942 ## - ADDED ENTRY ELEMENTS (KOHA) | |
| Source of classification or shelving scheme | Dewey Decimal Classification |
| Koha item type | Chinese Book |
| Suppress in OPAC | No |
| Withdrawn status | Lost status | Source of classification or shelving scheme | Damaged status | Not for loan | Collection | Home library | Current library | Shelving location | Date acquired | Total Checkouts | Full call number | Barcode | Date last seen | Price effective from | Koha item type |
|---|---|---|---|---|---|---|---|---|---|---|---|---|---|---|---|
| Dewey Decimal Classification | Reference | Footprints International School Library Network Toul Tom Poung Campus | Footprints International School Library Network Toul Tom Poung Campus | Librarian's Shelf TTP | 04/08/2026 | 高晴 | 2026-0469 | 04/08/2026 | 04/08/2026 | Chinese Book |
